| 000 | 00660nam a2200241Ia 4500 | ||
|---|---|---|---|
| 003 | OSt | ||
| 005 | 20220924121239.0 | ||
| 006 | a|||||r|||| 00| 0 | ||
| 007 | ta | ||
| 008 | 220923b |||||||| |||| 00| 0 ara d | ||
| 024 | _a335529 | ||
| 037 | _cTextual | ||
| 040 |
_aARTS _cARTS _bara |
||
| 041 |
_2ara _aara |
||
| 082 | _aO28:f, J2 | ||
| 100 |
_aAbdurrahman Muhammad Au. _9184956 |
||
| 245 | 0 | _aKitab-al-jarah wal tadeel | |
| 260 |
_aHyderabad _bDairat-al-ma'arif India _c1952 |
||
| 300 |
_a467p. _ccm. |
||
| 650 | _aARABIC LITERATURE | ||
| 942 |
_hO28:f, J2 _cTEXL _2CC |
||
| 999 |
_c406585 _d406585 |
||